000 00808nam a2200217 i 4500
001 91071
003 ES-MaACL
005 20260303141308.0
007 t|
008 050127s1979 sp ||||1| spa d
100 1 _aLeón Tello, Francisco José.
_971645
245 1 3 _aLa estética académica española en el siglo XVIII
_b: Real Academia de Bellas Artes de San Carlos de Valencia /
_cFrancisco José León Tello, Mª Merced V. Sanz Sanz.
260 _aValencia :
_bInstitución Alfonso el Magnánimo,
_c1979.
300 _a382 p. ;
_c25 cm.
490 1 _aCuadernos de Arte
700 1 _aSanz Sanz, María Virginia.
_9103684
710 2 _aInstitució Alfons el Magnànim
_9173001
830 0 _aCuadernos de arte
_9183754
852 _aES-MaACL
_jL-655
_bR.101011
999 _c91071
_d91071